[Event "85th Masters"]
[Site "Hastings ENG"]
[Date "2010.01.03"]
[Round "7"]
[White "Hoare,Amy"]
[Black "Wilson,A"]
[Result "1/2-1/2"]
[WhiteElo "1796"]
[BlackElo "2089"]
[EventDate "2009.12.28"]

1. e4 b6 2. d4 Bb7 3. Nc3 e6 4. Bd3 Ne7 5. Nf3 d6 6. O-O Nd7 7. Re1 g6 8.
Be3 Bg7 9. Qd2 O-O 10. Rad1 d5 11. Bh6 dxe4 12. Bxe4 Bxe4 13. Nxe4 Nd5 14.
Bxg7 Kxg7 15. c4 N5f6 16. Qc3 Nxe4 17. Rxe4 Qf6 18. Re3 Rfd8 19. Red3 Kg8
20. h3 Qe7 21. Re1 Qf6 22. Red1 Qe7 23. Re1 Qf6 24. Red1 Qe7 1/2-1/2

[Event "85th Masters"]
[Site "Hastings ENG"]
[Date "2010.01.03"]
[Round "7"]
[White "Tarun,Malhotra"]
[Black "Horn,St"]
[Result "0-1"]
[WhiteElo "1734"]
[BlackElo "2074"]
[EventDate "2009.12.28"]

1. e4 c5 2. Nf3 d6 3. d4 cxd4 4. Nxd4 Nf6 5. Nc3 a6 6. Be2 e5 7. Nb3 Be6 8.
Be3 Qc7 9. f3 Nbd7 10. O-O b5 11. a3 Nb6 12. Nd2 Be7 13. Qe1 d5 14. Bxb6
Qxb6+ 15. Kh1 d4 16. Nd1 O-O 17. Bd3 Nh5 18. Nf2 Rac8 19. g3 Kh8 20. Kg1
Nf6 21. h3 Nd7 22. Kg2 Nc5 23. Qd1 Bg5 24. Ng4 Nxd3 25. cxd3 Qd6 26. h4 Be7
27. Rc1 Rxc1 28. Qxc1 Rc8 29. Qb1 Qc5 30. Rf2 Bd6 31. Nh2 b4 32. axb4 Qxb4
33. Ndf1 Bb3 34. f4 exf4 35. gxf4 Be7 36. Nf3 Qd6 37. e5 Qg6+ 38. Ng3 Qg4
39. Ng5 Bd5+ 40. N5e4 Bxh4 41. Rf3 Bxg3 42. Rxg3 Qe2+ 43. Kh3 Be6+ 0-1

[Event "85th Masters"]
[Site "Hastings ENG"]
[Date "2010.01.03"]
[Round "7"]
[White "Kirk,J"]
[Black "Obiamiwe,P"]
[Result "1-0"]
[WhiteElo "1994"]
[BlackElo "2046"]
[EventDate "2009.12.28"]

1. d4 Nf6 2. c4 g6 3. Nc3 Bg7 4. e4 O-O 5. e5 Ne8 6. f4 d6 7. Be3 f6 8. Nf3
fxe5 9. dxe5 Nc6 10. Be2 Bg4 11. Ng5 Bxe2 12. Nxe2 dxe5 13. Qxd8 Nxd8 14.
O-O-O h6 15. Ne4 Nd6 16. Nxd6 exd6 17. fxe5 dxe5 18. Rd7 Rf7 19. Rhd1 Ne6
20. Nc3 Nd4 21. Rxf7 Kxf7 22. Bxd4 exd4 23. Nb5 Bf6 24. Rf1 Rc8 25. Nxd4
Re8 26. Nb5 Re7 27. Nc3 c6 28. Kc2 Kg7 29. Rd1 Be5 30. g3 g5 31. Re1 Kg6
32. g4 Kf7 33. h3 Re6 34. b3 Bxc3 35. Rxe6 Kxe6 36. Kxc3 Ke5 37. b4 Ke4 38.
a4 Ke3 39. c5 a6 40. Kc4 Ke4 41. Kc3 Ke3 42. a5 Kf3 43. Kd4 Kg3 44. Ke5
Kxh3 45. Kd6 Kxg4 46. Kc7 Kf3 47. Kxb7 g4 48. b5 axb5 49. a6 g3 50. a7 g2
51. a8=Q g1=Q 52. Kxc6 Qb1 53. Kb6+ Kf4 54. Qf8+ Ke5 55. Qd6+ Kf5 56. c6 b4
57. c7 Qg1+ 58. Qc5+ Qxc5+ 59. Kxc5 b3 60. c8=Q+ Kg5 61. Qg8+ 1-0

[Event "85th Masters"]
[Site "Hastings ENG"]
[Date "2010.01.03"]
[Round "7"]
[White "Brechin,H"]
[Black "Lenier,J"]
[Result "1-0"]
[WhiteElo "2025"]
[BlackElo "1828"]
[EventDate "2009.12.28"]

1. d4 c5 2. d5 Nf6 3. Nc3 d6 4. e4 g6 5. f4 Bg7 6. Bb5+ Nfd7 7. a4 O-O 8.
Nf3 Na6 9. O-O Nc7 10. Qe2 a6 11. Bc4 Rb8 12. e5 Nb6 13. Ba2 e6 14. Rd1
Nbxd5 15. Ne4 dxe5 16. c4 f5 17. Nxc5 e4 18. Ng5 Bd4+ 19. Rxd4 Nxf4 20.
Bxf4 Qxd4+ 21. Qf2 Qg7 22. Bxc7 Qxc7 23. Ncxe6 Qe7 24. Nxf8 Qxg5 25. c5+
Kxf8 26. Qd4 1-0

[Event "85th Masters"]
[Site "Hastings ENG"]
[Date "2010.01.03"]
[Round "7"]
[White "Nomat,E"]
[Black "Young,M"]
[Result "1/2-1/2"]
[WhiteElo "1809"]
[BlackElo "1971"]
[EventDate "2009.12.28"]

1. d4 c5 2. d5 Nf6 3. Nc3 d6 4. e4 e6 5. f4 exd5 6. exd5 Be7 7. Bb5+ Nbd7
8. a4 a6 9. Be2 b6 10. Nf3 O-O 11. O-O Bb7 12. Ng5 h6 13. Nge4 Nxe4 14.
Nxe4 Nf6 15. Nxf6+ Bxf6 16. c4 Bd4+ 17. Kh1 Qf6 18. Ra3 Rae8 19. Rb3 Re7
20. Bf3 Rfe8 21. Rxb6 Bc8 22. Rb8 Qf5 23. Rb3 Qd7 24. Rd3 Qd8 25. Bg4 Bxg4
26. Qxg4 Re1 27. Rd1 Qa5 28. Rdxe1 Qxe1 29. Qd1 Qb4 30. b3 Qc3 31. Bd2 Qd3
32. Ba5 Qf5 33. Bd2 Qd3 34. Ba5 Qf5 1/2-1/2

[Event "85th Masters"]
[Site "Hastings ENG"]
[Date "2010.01.03"]
[Round "7"]
[White "Calvert,D"]
[Black "Haria,R"]
[Result "1/2-1/2"]
[WhiteElo "2070"]
[BlackElo "1840"]
[EventDate "2009.12.28"]

1. b3 e5 2. Bb2 d6 3. e3 g6 4. d4 Bg7 5. dxe5 Nd7 6. Nf3 dxe5 7. Bc4 Ne7 8.
e4 O-O 9. O-O b6 10. Nc3 Bb7 11. Qe2 c6 12. Ba6 Bxa6 13. Qxa6 Qc7 14. Ba3
Rfe8 15. Qe2 b5 16. Bxe7 Rxe7 17. a4 b4 18. Na2 a5 19. Rad1 Nc5 20. Nc1 Rd8
21. Rxd8+ Qxd8 22. Rd1 Rd7 23. Rxd7 Qxd7 24. Nd3 1/2-1/2

[Event "85th Masters"]
[Site "Hastings ENG"]
[Date "2010.01.03"]
[Round "7"]
[White "McDonnell,J"]
[Black "Macrae,J"]
[Result "1/2-1/2"]
[WhiteElo "2014"]
[BlackElo "1752"]
[EventDate "2009.12.28"]

1. e4 b6 2. d4 Bb7 3. Bd3 e6 4. Nf3 Nf6 5. Qe2 Be7 6. O-O c5 7. c3 O-O 8.
a3 d5 9. e5 Ne4 10. Nfd2 Nxd2 11. Bxd2 cxd4 12. cxd4 Nc6 13. Be3 Rc8 14.
Nd2 Rc7 15. f4 g6 16. Qg4 Kh8 17. Qh3 Na5 18. Rf3 Nc4 19. Qh6 Rg8 20. Rh3
Rg7 21. Rb1 Nxe3 22. Rxe3 Qc8 23. Ree1 Ba6 24. Qh3 Bxd3 25. Qxd3 Rg8 26.
Nb3 Qb7 27. Rbc1 Rgc8 28. Qd2 Kg7 29. Kf2 1/2-1/2

[Event "85th Masters"]
[Site "Hastings ENG"]
[Date "2010.01.03"]
[Round "7"]
[White "Doran,C"]
[Black "Sanders,I"]
[Result "1-0"]
[WhiteElo "1963"]
[BlackElo "1777"]
[EventDate "2009.12.28"]

1. e4 c5 2. Nf3 Nc6 3. d4 cxd4 4. Nxd4 Nf6 5. Nc3 e5 6. Ndb5 d6 7. Bg5 a6
8. Na3 b5 9. Bxf6 gxf6 10. Nd5 Bg7 11. c3 f5 12. exf5 Bxf5 13. Nc2 O-O 14.
Nce3 Be6 15. Bd3 f5 16. O-O Ne7 17. Nxe7+ Qxe7 18. Bxf5 Ra7 19. Bxe6+ Qxe6
20. Qd5 Qxd5 21. Nxd5 Rd8 22. a4 Rb7 23. b4 Rc8 24. axb5 axb5 25. Ra3 Kf7
26. f3 Ke6 27. Rd1 Bh6 28. Ra6 Rc4 29. Ra8 Rf7 30. Re8+ Kd7 31. Rb8 Kc6 32.
Rb6+ Kd7 33. Rxb5 Ke6 34. Ra5 Rb7 35. Ra8 Bg5 36. Re8+ Kf7 37. Rh8 Ke6 38.
g3 Rb5 39. Re8+ Kf7 40. Ra8 Ke6 41. Ra5 Rxa5 42. bxa5 Rc5 43. f4 Bd8 44. a6
Rxd5 45. f5+ Kxf5 46. Rxd5 1-0

[Event "85th Masters"]
[Site "Hastings ENG"]
[Date "2010.01.03"]
[Round "7"]
[White "Devoille,Hugo"]
[Black "Campbell,E"]
[Result "0-1"]
[WhiteElo "1691"]
[BlackElo "1910"]
[EventDate "2009.12.28"]

1. e4 d6 2. d4 Nf6 3. Nc3 g6 4. h3 Bg7 5. Nf3 O-O 6. Be3 a6 7. Qd2 b5 8.
Bd3 Nc6 9. Bh6 e5 10. Bxg7 Kxg7 11. d5 Nd4 12. Nxd4 exd4 13. Ne2 Re8 14. f3
Nh5 15. O-O-O Qh4 16. Nxd4 Bb7 17. Nb3 Rac8 18. Qc3+ Kg8 19. Qd2 c5 20.
dxc6 Bxc6 21. Qh6 Qg3 22. Qd2 d5 23. exd5 Bxd5 24. Rhf1 Bc4 25. Qf2 Qf4+
26. Kb1 Ng3 27. Rfe1 Bxd3 28. Rxd3 Ne4 29. Qg1 Nd6 30. Rd4 Qg3 31. Red1 Nc4
32. Re4 Rxe4 33. fxe4 Ne3 34. Rd2 Rc4 35. Rd3 Rxe4 36. Nc5 Nf1 37. a3 Re1+
38. Ka2 Ne3 39. Ne4 Qh4 40. Nf6+ Kg7 41. Ne8+ Kf8 42. Qh2 Qc4+ 43. Rb3 Nxc2
44. Qd6+ Kxe8 45. Qb8+ Ke7 46. Qb7+ Kf8 47. Qb8+ Kg7 0-1

[Event "85th Masters"]
[Site "Hastings ENG"]
[Date "2010.01.04"]
[Round "8"]
[White "Green,An"]
[Black "Giffard,N"]
[Result "0-1"]
[WhiteElo "2151"]
[BlackElo "2351"]
[EventDate "2009.12.28"]

1. e4 c6 2. d4 d5 3. e5 Bf5 4. Be3 e6 5. Nd2 Qb6 6. Nb3 a5 7. a4 Bb4+ 8. c3
Be7 9. f4 Bh4+ 10. Bf2 Bxf2+ 11. Kxf2 Nd7 12. Be2 f6 13. g4 Be4 14. Nf3
fxe5 15. fxe5 Ne7 16. Kg3 O-O 17. Rf1 h6 18. Nfd2 Bh7 19. Rxf8+ Rxf8 20.
Qg1 Bc2 21. Bd1 Bh7 22. Be2 Bc2 23. Bd1 Bxd1 24. Rxd1 c5 25. Nxc5 Nxc5 26.
dxc5 Qxb2 27. Qe3 Qa3 28. Rb1 d4 29. Qxd4 Nd5 30. Rxb7 Nxc3 31. Kh4 Nd5 32.
Rb3 Qc1 33. Rf3 Nf4 34. Qf2 g5+ 35. Kg3 Rd8 36. Ne4 Rd1 37. Rxf4 gxf4+ 38.
Kh4 Kg7 39. c6 Qe3 40. Qb2 Qxe4 41. c7 Kg6 42. Qb3 Qe1+ 43. Kh3 Kg5 44. Qf3
Rd2 0-1